| 000 | 00677nam a22002057a 4500 | ||
|---|---|---|---|
| 003 | OSt | ||
| 005 | 20260306055547.0 | ||
| 008 | 260306b |||||||| |||| 00| 0 eng d | ||
| 020 | _a978-971-9655-73-2 | ||
| 040 |
_aDWCL-Main lib _cOC |
||
| 082 | _aFil. 647.068 M375f 2024 | ||
| 100 | _aMarte-Lago, Elpedia Masan | ||
| 245 |
_aFront office systems and procedures _cElpedia Masan Marte-Lago |
||
| 260 |
_aManila, Philippines: _bMindshapers, _cc2024. |
||
| 300 |
_axxiv, 198 pages: _billustrations; _c25 cm. |
||
| 504 | _aIncludes bibliographical references and index. | ||
| 650 | _a1. Front office--management. | ||
| 700 | _aJenette R. Lim | ||
| 942 |
_2ddc _cBK - FIL _kFil. _n0 |
||
| 999 |
_c8704 _d8704 |
||